01459nam a2200277 a 450000100100000000500170001000800410002702000180006804000250008608200130011124501160012425000110024026000400025130000210029150000740031250000640038650400320045070000400048270000360052295201260055895201260068495201260081095201110093695201170104799900170116400004320820201002040726.0140225s2013 dr 000 0 spa d a9789945447316 aDO-SdBNPbspacBNPHU axxxbxxx00aCompendio de comunicación moderna /ccompilación ; Patricio Jesús León Cruz ; prólogo Luis de León. a2a ed. aSanto Domingo :bYouColor,c[2013]. a190 p. ;c21 cm. aIncluye referencias bibliográficas y notas al pie de las páginas. aIncluye datos biográficos del autor en la contracubierta. aBibliografía : p. 173-17412aLeón Cruz, Patricioecomp.97079712aLeón, Luis deepról.943314 001054708DSaGRbGRcCTd2014-02-25iLF1l0oxxx xxxp43208-30r2020-06-25te. 3w2020-06-25yLFDSZPréstamo en sala 001054708DSaGRbGRcCTd2014-05-07iLF1l0oxxx xxxp43208-40r2020-06-25te. 4w2020-06-25yLFDSZPréstamo en sala 001054708DSaGRbGRcCTd2014-05-07iLF1l0oxxx xxxp43208-50r2020-06-25te. 5w2020-06-25yLFDSZPréstamo en sala 0010718PDaPDbPDcCTd2014-02-25iLF1l0oxxx xxxp43208-10r2020-06-25w2020-06-25yLFPDZNo se presta 0010718PDaPDbPDcCTd2014-02-25iLF1l0oxxx xxxp43208-20r2020-06-25te. 2w2020-06-25yLFPDZNo se presta c42697d42697